000 00577nam a2200181Ia 4500
008 100921s9999 xx 000 0 und d
082 _b1522
_a891.462 थ 61
100 _aखरे वासुदेव वामन.
245 _aशिवसंभव.
260 _bबलवंत पुस्तक भांडार,मुंबई.
_c1961
300 _a143
_b---
365 _b2.5
520 _aललित-नाटके.
630 _aशिवसंभव.
650 _aललित-नाटके.
730 _aशिवसंभव.
942 _cBOOK
999 _c750635
_d750632